| 000 | 00568nam a2200181Ia 4500 | ||
|---|---|---|---|
| 008 | 240729s9999 xx 000 0 und d | ||
| 022 | _a2548-5296 | ||
| 245 | 0 | _aAFEBI Islamic Finance and Economic Review | |
| 260 | _aIndonesia | ||
| 260 | _bAsosiasi Fakultas Ekonomi & Bisnis Indonesia (AFEBI) | ||
| 650 | _a Finance | ||
| 650 | _a Islam | Social Sciences | ||
| 650 | _a Islam. Bahai Faith. Theosophy, etc. | ||
| 650 | _aPhilosophy. Psychology. Religion | ||
| 856 | _uhttps://doaj.org/toc/ff3e56dbbc024ad5b11417f144c7682b | ||
| 942 | _2ddc | ||
| 942 | _cDOAJEJ | ||
| 999 |
_c73054 _d73054 |
||
| 945 |
_a1 _bMadushi Gamage _c1 _dMadushi Gamage |
||